000 00788nam a2200169Ia 4500
008 090711s9999 xx 000 0 und d
082 _b47393
100 _aसातवळेकर श्रीपाद दा.
245 _aश्रीमद्भगवद्गीता (पुरुषार्थ बोधिनी टिका)
260 _c1976
300 _a946
600 _aसातवळेकर श्रीपाद दा.
630 _aश्रीमद्भगवद्गीता (पुरुषार्थ बोधिनी टिका)
700 _aसातवळेकर श्रीपाद दा.
730 _aश्रीमद्भगवद्गीता (पुरुषार्थ बोधिनी टिका)
942 _cBOOK
999 _c325577
_d325577